Statistics for アメリカ合衆国の州(キリックバージョン)

Click here to take the quiz!

General Stats

  • This quiz has been taken 44 times
  • The average score is 21 of 50

Answers on the Map

Answers color-coded by a green-red scale on the quiz's map according to % correct below.
 

Answer Stats

Answer% Correct
アラスカ州
82%
カリフォルニア州
79%
ハワイ州
73%
テキサス州
70%
フロリダ州
67%
ワシントン州
64%
アリゾナ州
61%
ニューメキシコ州
58%
オレゴン州
55%
ニューヨーク州
52%
ノースカロライナ州
48%
ルイジアナ州
48%
ウエストバージニア州
45%
メイン州
42%
テネシー州
42%
サウスカロライナ州
42%
アラバマ州
42%
コネチカット州
42%
ユタ州
39%
バーモント州
39%
ケンタッキー州
39%
アイダホ州
39%
オクラホマ州
39%
ジョージア州
39%
デラウェア州
36%
ミシガン州
36%
サウス・ダコタ州
36%
ワイオミング州
36%
ノースダコタ州
36%
ネバダ州
36%
ウィスコンシン州
36%
イリノイ州
36%
ペンシルベニア州
33%
インディアナ州
33%
ニュージャージー州
33%
バージニア州
33%
コロラド州
33%
ロードアイランド
33%
ミシシッピ川
33%
マサチューセッツ州
30%
モンタナ州
30%
ミネソタ州
30%
オハイオ州
30%
ニューハンプシャー州
30%
メリーランド州
30%
カンザス州
24%
アイオワ州
24%
アーカンソー州
21%
ネブラスカ州
21%
ミズーリ州
15%

Score Distribution

Percentile by Number Answered

Percent of People with Each Score

Your Score History

You have not taken this quiz